Countries That Recognise Same-Sex Marriage - Statistics

General Stats
  • This quiz has been taken 2,175 times
    483 since last reset
  • The average score is 25 of 32
Answer Stats
Country % Correct
United States
98%
United Kingdom
97%
Spain
95%
Canada
93%
Norway
93%
Sweden
93%
Finland
92%
France
91%
Portugal
91%
Germany
90%
Netherlands
90%
Australia
88%
Ireland
87%
Belgium
86%
Brazil
86%
Austria
85%
Argentina
84%
Denmark
84%
Switzerland
84%
New Zealand
83%
Iceland
80%
Mexico
80%
Chile
75%
Luxembourg
73%
Colombia
71%
Uruguay
62%
South Africa
59%
Ecuador
55%
Malta
49%
Slovenia
48%
Taiwan
47%
Costa Rica
42%
No matching quizzes found
Score Distribution
Percent of People with Each Score
Percentile by Number Answered
Your Score History
You have not taken this quiz since the last reset